1139 1665 1299 1689 1623 1445 1752 1131 1868 1311 1257 1297 1466 1491 1269 1608 1472 1023 1731 1806 1897 2000 1956 1373 1063 1132 1304 1412 1268 1639 1041 1946 1519 1285 1682 1603 1340 1226 1733 1119 1283 1118 1682 1357 1434 1488 1243 1989 1402 1011 1364 1662 1218 1000 1487 1749 1372 1357 1397 1004 1712 1306 1926 1717 1569 1412 1344 1637 1963 1513 1758 1219 1128 1184 1292 1357 1682 1958 1960 1936 1404 1461 1422 1310 1735 1833 1085 1622 1629 1740 1996 1924 1761 1284 1557 1248 1567 1709 1807 BCNSPRNW ULIB Ver.6.0+V

เปลี่ยนเป็นภาษาไทย

Change to English
 แสดงรายละเอียดบรรณานุกรม
  กลับหน้าหลัก

Brief Record : Get Marc (ISO 2709) : E-mail record : QR code < ปิดหน้าต่าง
LEADER : 00000nam 2200000uu 4500
001    13399129093
003     ULIB
008    250716s2566||||th 000 0 tha d
020    ^a9786165988735
050  4 ^aT173.8^bม159ก
100 0  ^aมนสิช สิทธิสมบูรณ์.
245 1   ^aการวิจัยและพัฒนานวัตกรรมเพื่อการเปลี่ยนแปลง /^cมนสิช สิทธิสมบูรณ์.
250    ^aพิมพ์ครั้งที่ 1.
260    ^aพิษณุโลก :^bคณะศึกษาศาสตร์ มหาวิทยาลัยนเรศวร,^c2566.
300    ^a245 หน้า :^bภาพประกอบ ;^c26 ซม.
505 0  ^aปฐมบท -- การพัฒนานวัตกรรม -- ขั้นตอนการวิจัยและพัฒนานวัตกรรม -- การศึกษาข้อมูลพื้นฐาน -- กรอบแนวการคิดการวิจัยและพัฒนา -- การสร้างนวัตกรรม -- การทดลองใช้นวัตกรรม -- การประเมินผลนวัตกรรม -- การแก้ไข การปรับปรุง และการเปลี่ยนแปลง -- การเขียนโครงร่างการวิจัยและพัฒนา -- การเขียนรายงานการวิจัยและพัฒนา -- การประเมินผลงานวิจัยและพัฒนา -- ตัวอย่างงานวิจัยและพัฒนา -- เทคนิคการเขียนบทความวิจัยและพัฒนาและกรณีตัวอย่าง
505 0  ^aสารบัญ : ปฐมบท -- การพัฒนานวัตกรรม -- ขั้นตอนการวิจัยและพัฒนานวัตกรรม -- การศึกษาข้อมูลพื้นฐาน -- กรอบแนวการคิดการวิจัยและพัฒนา -- การสร้างนวัตกรรม -- การทดลองใช้นวัตกรรม -- การประเมินผลนวัตกรรม -- การแก้ไข การปรับปรุง และการเปลี่ยนแปลง -- การเขียนโครงร่างการวิจัยและพัฒนา -- การเขียนรายงานการวิจัยและพัฒนา -- การประเมินผลงานวิจัยและพัฒนา -- ตัวอย่างงานวิจัยและพัฒนา -- เทคนิคการเขียนบทความวิจัยและพัฒนาและกรณีตัวอย่าง
505 2  ^aการพัฒนานวัตกรรม -- ขั้นตอนการวิจัยและพัฒนานวัตกรรม -- การศึกษาข้อมูลพื้นฐาน -- กรอบแนวคิดการวิจัยและพัฒนา -- การสร้างนวัตกรรม -- การทดลองใช้นวัตกรรม -- การประเมินผลนวัตกรรม -- การแก้ไข การปรับปรุง และการเปลี่ยนแปลง -- การเขียนโครงร่างการวิจัยและพัฒนา -- การเขียนรายงานการวิจัยและพัฒนา -- การประเมินผลงานการวิจัยและพัฒนา -- ตัวอย่างงานวิจัยและพัฒนา -- เทคนิคการเขียนบทความวิจัยและพัฒนาและกรณีตัวอย่าง
505 2  ^a^tการพัฒนานวัตกรรม -- ขั้นตอนการวิจัยและพัฒนานวัตกรรม -- การศึกษาข้อมูลพื้นฐาน -- กรอบแนวคิดการวิจัยและพัฒนา -- การสร้างนวัตกรรม -- การทดลองใช้นวัตกรรม -- การประเมินผลนวัตกรรม -- การแก้ไข การปรับปรุง และการเปลี่ยนแปลง -- การเขียนโครงร่างการวิจัยและพัฒนา -- การเขียนรายงานการวิจัยและพัฒนา -- การประเมินผลงานการวิจัยและพัฒนา -- ตัวอย่างงานวิจัยและพัฒนา -- เทคนิคการเขียนบทความวิจัยและพัฒนาและกรณีตัวอย่าง.
650  4 ^aการเขียนโครงการวิจัย.
650  4 ^aการศึกษา^xวิจัย
650  4 ^aโครงการวิจัยและพัฒนา.
650  4 ^aนวัตกรรมทางการศึกษา
650  4 ^aนวัตกรรมทางการศึกษา^xวิจัย
650  4 ^aนวัตกรรมทางเทคโนโลยี.
650  4 ^aวิจัย.
650 0   ^aกิจกรรมการเรียนการสอน.
945    ^p350^l0^i011837
945    ^p350^l0^i011838
945    ^p350^l0^i011839
999    ^aประนอม เกษจรัล
รายการนี้ยังไม่มีแท็ก
คุณยังไม่ได้ล็อกอิน คุณสามารถมีกิจกรรมร่วมกับเว็บไซต์ได้ แต่ต้องล็อกอินก่อน ::
  ล็อกอิน

รายการสื่อสารสนเทศ

ลำดับที่ ประเภท เลขเรียก/บาร์โค้ด สถานที่ สถานะ
1. การศึกษาทั่วไป
หนังสือสำรอง
สถานะ=หนังสือสำรอง
T173.8 ม159ก ฉ.1 
  Barcode: 011837
ห้องสมุดวิทยาเขตสวรรค์ประชารักษ์
►หนังสือทั่วไป
บนชั้น
2. การศึกษาทั่วไป
การศึกษาทั่วไป
T173.8 ม159ก ฉ.2 
  Barcode: 011838
ห้องสมุดวิทยาเขตสวรรค์ประชารักษ์
►หนังสือทั่วไป
บนชั้น
3. การศึกษาทั่วไป
การศึกษาทั่วไป
T173.8 ม159ก ฉ.3 
  Barcode: 011839
ห้องสมุดวิทยาเขตสวรรค์ประชารักษ์
►หนังสือทั่วไป
บนชั้น

รายการใกล้เคียง
    ผู้แต่ง [มนสิช สิทธิสมบูรณ์.]

    หัวเรื่อง [การเขียนโครงการวิจัย.]
    หัวเรื่อง [โครงการวิจัยและพัฒนา.]
    หัวเรื่อง [นวัตกรรมทางการศึกษา]
    หัวเรื่อง [นวัตกรรมทางเทคโนโลยี.]
    หัวเรื่อง [วิจัย.]
    หัวเรื่อง [กิจกรรมการเรียนการสอน.]

BibComment


ยังไม่เคยถูกคอมเมนท์

คอมเมนท์ทรัพยากรรายการนี้
  คอมเมนท์: การวิจัยและพัฒน..


 Copyright 2026. Bcnsprnw @Library